000 00299nam a22001217a 4500
008 190227b xxu||||| |||| 00| 0 eng d
041 _aeng
080 _23rd
_a038
100 _a23
101 _aFJA
245 _aThe American Heritage College Dictionary
_cHoughton Mifflin Company
942 _2udc
_cBK
999 _c54377
_d54377